000 00277nam a2200109Ia 4500
008 220204s9999 xx 000 0 und d
082 _a058.8:645.15
_bALL
245 0 _aAll India telephone directory
250 _aEd.4
260 _aIndia
_bIndian Export Trade
_c1963
942 _cBK
999 _c20201
_d20201